| 000 | 00892nam a22003017a 4500 | ||
|---|---|---|---|
| 001 | BR0303524 | ||
| 003 | BR-BrBNA | ||
| 005 | 20230928101334.0 | ||
| 007 | ta | ||
| 008 | 230509b bl.||||| |||| 00| 0 por d | ||
| 040 |
_aBR-BrBNA _bpor _cBiblioteca Nacional de Agricultura |
||
| 041 | _a(Por) | ||
| 072 | _aE71 | ||
| 090 | _ E71 BR0303524 | ||
| 110 | 1 |
_aUniversidade Federal de Pelotas, RS (Brasil) _910876 |
|
| 111 | 1 |
_aSeminário Estratégia Agroalimentar para o MERCOSUL _cPelotas, RS (Brazil) _d28-29 Aug 1998 |
|
| 245 | 1 | _aSeminário Estratégia Agroalimentar para o MERCOSUL | |
| 260 | 3 |
_aPelotas, RS (Brasil): _c1998. |
|
| 300 | _a36 p. | ||
| 650 | _aCOMÉRCIO EXTERIOR | ||
| 650 | _aINDÚSTRIA AGRÍCOLA | ||
| 650 | _aIMPORTAÇÃO | ||
| 650 | _aALFANDEGA | ||
| 650 | _aMERCOSUL | ||
| 650 | _aRIO GRANDE DO SUL | ||
| 909 |
_a202309 _bLucia _c55 _dLucia Elande |
||
| 942 | _cBK | ||
| 999 |
_c65334 _d65334 |
||